Элементный состав микрочастиц уличной пыли на промышленно-урбанизированной территории (юг Западной Сибири); Геология морей и океанов; Т. IV

מידע ביבליוגרפי
Parent link:Геология морей и океанов=Geology of seas and oceans: материалы XXV Международной научной конференции (Школы) по морской геологии, Москва, 13-17 Ноября 2023 г..— .— Москва: ИО РАН
Т. IV.— 2023.— С. 167-171
מחבר ראשי: Беспалова А. И. Анастасия Игоревна
מחבר תאגידי: Национальный исследовательский Томский политехнический университет (570)
מחברים אחרים: Таловская А. В. Анна Валерьевна
סיכום:Заглавие с экрана
Представлены результаты изучения элементного состава проб уличной пыли на территории г. Томска. Приведена оценка уровня загрязнения среды по величине суммарного коэффициента обогащения. Обнаружены металлосодержащие микрочастицы антропогенного происхождения
The results of studying the elemental composition of street dust samples in the city of Tomsk are presented. An assessment of the level of environmental pollution based on the value of the total enrichment coefficient is given. Metal-containing microparticles of anthropogenic origin were discovered
שפה:רוסית
יצא לאור: 2023
נושאים:
גישה מקוונת:https://geo.ocean.ru/images/reports_2023_001/Volume4.pdf#page=168
פורמט: MixedMaterials אלקטרוני Book Chapter
KOHA link:https://koha.lib.tpu.ru/cgi-bin/koha/opac-detail.pl?biblionumber=675507

MARC

LEADER 00000naa0a2200000 4500
001 675507
005 20241031100641.0
090 |a 675507 
100 |a 20241015a2023 k||y0rusy50 ca 
101 0 |a rus 
102 |a RU 
135 |a drcn ---uucaa 
181 0 |a i   |b  e  
182 0 |a b 
183 0 |a cr  |2 RDAcarrier 
200 1 |a Элементный состав микрочастиц уличной пыли на промышленно-урбанизированной территории (юг Западной Сибири)  |f Беспалова А. И., Таловская А. В.   |d Elemental composition of street dust microparticles in industrial-urbanized territories   |z eng 
203 |a Текст  |c электронный  |b визуальный 
283 |a online_resource  |2 RDAcarrier 
300 |a Заглавие с экрана 
320 |a Список литературы: 11 назв 
330 |a Представлены результаты изучения элементного состава проб уличной пыли на территории г. Томска. Приведена оценка уровня загрязнения среды по величине суммарного коэффициента обогащения. Обнаружены металлосодержащие микрочастицы антропогенного происхождения 
330 |a The results of studying the elemental composition of street dust samples in the city of Tomsk are presented. An assessment of the level of environmental pollution based on the value of the total enrichment coefficient is given. Metal-containing microparticles of anthropogenic origin were discovered 
461 1 |t Геология морей и океанов  |l Geology of seas and oceans  |o материалы XXV Международной научной конференции (Школы) по морской геологии, Москва, 13-17 Ноября 2023 г.  |o в 4 т.  |n ИО РАН  |c Москва 
463 1 |t Т. IV  |v С. 167-171  |d 2023 
610 1 |a электронный ресурс 
610 1 |a труды учёных ТПУ 
610 1 |a аэрозольное загрязнение 
610 1 |a атмосферный воздух 
610 1 |a уличная пыль 
610 1 |a элементный состав 
700 1 |a Беспалова  |b А. И.  |g Анастасия Игоревна  
701 1 |a Таловская  |b А. В.  |c геохимик  |c профессор Томского политехнического университета, доктор геолого-минералогических наук  |f 1983-  |g Анна Валерьевна  |9 11982 
712 0 2 |a Национальный исследовательский Томский политехнический университет  |c (2009- )  |9 26305  |4 570 
801 2 |a RU  |b 63413507  |c 20241015  |g RCR 
856 4 |u https://geo.ocean.ru/images/reports_2023_001/Volume4.pdf#page=168  |z https://geo.ocean.ru/images/reports_2023_001/Volume4.pdf#page=168 
942 |c CF